Statistics for General Knowledge Quiz #31

Click here to take the quiz!

General Stats

  • This quiz has been taken 136,456 times
    (41,239 since last reset)
  • The average score is 12 of 20

Answer Stats

QuestionAnswer% Correct
What will a pescetarian eat that a vegetarian will not?Fish
95%
What country is ruled by the Taliban?Afghanistan
94%
What silent film star wore the same style mustache as Adolf Hitler?Charlie Chaplin
88%
What major Japanese city is an anagram of Tokyo?Kyoto
87%
What type of animal appeared on the coat of arms of King Richard I?Lion
79%
What modern hairstyle takes its name from a Native American tribe?Mohawk
78%
What country has slums known as favelas?Brazil
77%
What "religion" was founded by a science fiction writer?Scientology
76%
Where would a Viking warrior hope to go if he died in battle?Valhalla
71%
What fictional character was a photographer for the Daily Bugle?Spider-Man
66%
What is the term for three consecutive strikes in bowling?Turkey
51%
What country did Golda Meir serve as Prime Minister from 1969–1974?Israel
44%
In what city would you find Kowloon Peninsula and Victoria Harbour?Hong Kong
41%
What American product did Sir Walter Raleigh help popularize in England
where it quickly became an irresistible sensation?
Tobacco
37%
What large tree has all five vowels in the seven letters of its name?Sequoia
35%
What taxonomic rank comes above phylum?Kingdom
34%
Of all the countries on Earth, which one has a capital city with the highest elevation?Bolivia
31%
Which Bible character killed up to one quarter of the world's population?Cain
26%
What is the most common phobia in the United States, according to the NIMH?
Fear of {Public}
{Speaking}
25%
What director refers to his films as "joints"?Spike Lee
22%

Score Distribution

Percentile by Number Answered

Percent of People with Each Score

Your Score History

You have not taken this quiz since the last reset